One Thing (Record no. 11221)

MARC details
000 -LEADER
fixed length control field 00355nam a22001577a 4500
003 - CONTROL NUMBER IDENTIFIER
control field OSt
008 - FIXED-LENGTH DATA ELEMENTS--GENERAL INFORMATION
fixed length control field 220521b ||||| |||| 00| 0 eng d
020 ## - INTERNATIONAL STANDARD BOOK NUMBER
International Standard Book Number 978-1-8485-4960-9
082 ## - DEWEY DECIMAL CLASSIFICATION NUMBER
Classification number 650.1 KET
100 ## - MAIN ENTRY--PERSONAL NAME
Personal name KELLER,Shiv
245 ## - TITLE STATEMENT
Title One Thing
260 ## - PUBLICATION, DISTRIBUTION, ETC. (IMPRINT)
Place of publication, distribution, etc New Delhi
Name of publisher, distributor, etc John Murray
Date of publication, distribution, etc 2013
300 ## - PHYSICAL DESCRIPTION
Extent 238
650 ## - SUBJECT ADDED ENTRY--TOPICAL TERM
Topical term or geographic name as entry element General
942 ## - ADDED ENTRY ELEMENTS (KOHA)
Source of classification or shelving scheme Dewey Decimal Classification
Koha item type Text Books
942 ## - ADDED ENTRY ELEMENTS (KOHA)
-- 3
Holdings
Withdrawn status Lost status Source of classification or shelving scheme Damaged status Not for loan Collection code Home library Current library Date acquired Source of acquisition Currency Cost, normal purchase price Bill Number Total Checkouts Full call number Acc. no. / Barcode Date last seen Date last borrowed Actual Cost, discounted price Bill Date Koha item type Public note
    Dewey Decimal Classification     GENERAL PIET C-LIBRARY PIET C-LIBRARY 14/04/2022 Kumar Stationery & Book Seller Indian Rup 399.00 35232 9 650.1 KET 33586 31/03/2026 17/03/2026 240.00 14/04/2022 Text Books Motivational

Design & Developed by: PIET Central Library
R70 Miles Stone Pattikalyana Samalkha Panipat 132102
mail ID :- [email protected], Phone No:- 0180-2569700 Ex.216